Statistiques concernant Qui suis-je? #7

Cliquez ici pour prendre le quiz!

Statistiques générales

  • Ce quiz a été pris 271 fois
  • Le résultat moyen est 8 sur 10

Statistiques - réponses

DescriptionPersonnage% Correct
Je suis certainement le meilleur tennisman du 21ème siècle, et peut-être le plus grand de tous les temps. Mon palmarès est impressionnant; 20 titres du Grand Chelem, dont 8 à Wimbledon. Roland-Garros me réussit moins, avec une seule victoire. C'est le terrain de jeu favori de mon rival espagnol. J'ai enfin détenu le record du nombre de semaines passées en tête du classement ATP avec 310 semaines, dont 237 consécutivement. Je suis la fierté de mon pays, que vous connaissez sûrement pour son chocolat et ses stations de ski.Roger Federer
91%
Je suis né en 1889 à Londres. J'ai débuté sur les scènes pour remplacer une camarade, et ma mère m'a par la suite encouragé à continuer sur cette voie. Je n'avais que cinq ans. Très vite, je me suis tourné vers la commédie et je suis parti en tournée avec la troupe comique de Fred Karno. C'est aux États-Unis que je débute au cinéma. Je suis par la suite l'acteur le plus connu de l'époque muette. Mes films, fines satyres de la société de l'époque, sont entrés dans la légende. Mon personnage fétiche était un vagabond au chapeau melon. Je suis mort en Suisse en 1977.Charlie Chaplin
90%
Ma mort n'eut rien de naturel. Je fus assassiné à Memphis par un ségrégationniste blanc. J'ai lutté jusqu'au dernier jour pour les droits des Afro-américains aux États-Unis. J'ai lutté pour que le racisme ne soit plus qu'un mauvais rêve vite oublié. C'étais mon rêve en tant que pasteur, mon rêve en tant qu'Homme. Ce même rêve que j'ai étalé devant une grande foule à Washington. J'ai remporté le prix Nobel de la paix pour mes actions pacifistes. Je pense avoir réussi en partie, mais il y a encore beaucoup de travail pour améliorer le monde et nettoyer la planète du racisme.Martin Luther King, Jr.
90%
Je suis une aventurère bien connue du monde vidéo-ludique. On peut me définir comme un personnage féminin fort. Je suis une archéologue vivant des aventures très dangereuses. Un peu comme Indiana Jones, mais je pense sincèrement que mes péripéties soient un poil plus risquées. J'ai ouvert la voie pour les autres personnages principaux féminins d'autres jeux vidéos. J'ai même une rue intitulée à mon nom à Derby.Lara Croft
89%
Je suis un personnage animé bien connu de tous. Je suis créé par Warner Bros.en 1940. Je suis connu pour mon caractère farceur et ma gourmandise envers les carottes. Je suis apparu dans de nombreuses séries animées ainsi que dans de nombreux films. L'un d'eux a même reçu un Oscar. J'adore voir mes ennemis tomber dans mes pièges. Ma phrase fétiche est vraiment célèbre, elle est souvent utilisée par mes imitateurs. Et à par ça, quoi d'neuf, docteur?Bugs Bunny
86%
Je suis un grand Président américain du XIXème siècle. Je suis originaire du Kentucky, j'ai grandi dans une famille modeste. Mon entrée en politique s'est faite progressivement, d'abord au sein du parti whig, puis chez les Républicains. Beaucoup pensent que j'étais un démocrate alors que pas du tout. J'accède à la présidence en 1861. Je suis devenu de ce fait le premier Président Républicain de l'Histoire du pays. Je suis connu pour avoir remporté la Guerre de Sécession et aboli l'esclavage. Je suis assassiné avant la fin de mon mandat par un sympathisant confédéré, pendant une représentation théatrale à Washington.Abraham Lincoln
81%
Dans le monde de la musique, je suis une légende. Je suis né en 1946, sous le nom de Farrokh Bulsara, en Zanzibar. J'ai toujours été timide et méfiant, au contaire de mes prestations scéniques. J'étais une véritable "bête de scène". J'ai écris et composé la plupart des chansons de mon groupe. J'étais ouvertement bisexuel, bien que certains disent que j'étais ouvertement gay. J'ai été infecté par le V.I.H, information que j'ai tenu secret jusqu'à ma mort en 1991.Freddie Mercury
81%
Je suis un roi. Certes, je ne suis pas un roi comme les autres. Vous connaissez beaucoup de rois qui ont eu un père assassiné par un oncle, qui ont été accusé dudit meurte, pour se retouver exilé dans une jungle à manger des larves avec une mangouste et un phacochère? Certes, cette vie me plaisait, mais je ne faisais que fuir la réalité. Je fuyais mon destin car mon oncle m'a convaincu de croire que j'étais le responsable de la mort du roi. J'ai finalement détrôné l'usurpateur et repris ma place, pour continuer ce que mon père a fait avant moi.Simba
71%
Je suis sorti de l'imaginaire d'un écrivain anglais. On me connaît sous de nombreux surnoms, comme le "Pélerin Gris" ou "le Cavalier Blanc". Je combat les forces du mal depuis le jour où l'on m'a envoyé sur Terre. J'ai finalement vaincu mon ennemi avec l'aide d'ami précieux, dont certains n'étaient pas plus hauts que trois pommes. Je suis considéré comme sage, mais j'aime aussi rigoler avec mes amis. Il vaut mieux pour vous. Fuyez, pauvres fous, si vous m'énervez!Gandalf
63%
Personnage de roman et de film, j'aurais très bien pu exister. Je porte le nom de ma petite bourgade sicilienne à cause d'une erreur d'un employé à Ellis Island (il a vu le nom de ma ville sur un carton que je portais). Je suis vite devenu un important exportateur d'huile d'olive. Et surtout, je suis arrivé à la tête des familles mafieuses de New York à grands coups de manipulations et d'assassinats. Je suis impitoyable, mes offres ne peuvent être refusées. En jouant avec mon petit-fils, une crise cardiaque terrasse le plus grand et respecté mafieux que je suis.Vito Corleone
43%

Distribution des résultats

Percentile par nombre de réponses

% des personnes avec chaque résultat

Votre développement - résultats

Vous n’avez pas pris ce quiz